000 00597nam a2200229Ia 4500
001 47840
005 20240114003845.0
007 ta
008 090507s1995 g b000 u 465 u
040 _aCotton College,Asaam
041 _a465
082 _a512.7
_bHs 859 El
100 _aHslung, C Y .
245 0 _aElementary Theory Opf Numbers /
_cC Y Hslung.
_hTextual Documents
250 _a1st ed /
260 _aBombay :
_bAllied Publihers Ltd ,
_c1995.
300 _a250 p ;
_c23 cm.
653 _aMathematics
942 _2ddc
_cBK
999 _c47805
_d47805